| 000 | 00501nam a2200145 a 4500 | ||
|---|---|---|---|
| 008 | 120416s0000 ||||||||||||||||| || u | ||
| 020 | _a0471219452 | ||
| 050 | _aTP 492 Dos | ||
| 100 | _aDossat, Roy J | ||
| 245 | 1 | 0 | _aPrinciples of refrigeration |
| 260 |
_aNew York _bJohn Wiley and Sons _c1961 |
||
| 300 | _aviii, 544p. : ill. | ||
| 350 | _a0.00 | ||
| 995 |
_D0.00 _FCBU-MAIN LIBRARY (Kitwe) _H1 _I7.15 _UAVAILABLE _ZAnnex Low-Usage Collection |
||
| 999 |
_c54643 _d54643 |
||